LEADER 01031nam0-2200337---450- 001 990009441020403321 005 20120531165727.0 035 $a000944102 035 $aFED01000944102 035 $a(Aleph)000944102FED01 035 $a000944102 100 $a20111004d1967----km-y0itay50------ba 101 0 $aeng 102 $aGB 105 $aa-------001yy 200 1 $a<>symposium on chemical additives in food$fedited by R.W.L. Goodwin 210 $aLondon$cJ. & A. Churchill$d1967 215 $aVIII, 128 p.$cill.$d22 cm 300 $aDalla pref.: symposium held at Coventry technical college in the Spring of 1965 517 1 $aChemical additives in food 610 0 $aAlimenti$aAdditivi 702 1$aGoodwin,$bRaimond Wilbert Lindfield 801 0$aIT$bUNINA$gRICA$2UNIMARC 901 $aBK 912 $a990009441020403321 952 $a53 A 29$b7327$fDMVAP 952 $a541-10$b6291$fDMVAP 959 $aDMVAP 959 $aDMVBF 996 $aSymposium on chemical additives in food$9760508 997 $aUNINA LEADER 01326nam--2200421---450- 001 990005943290203316 005 20140411105352.0 010 $a978-88-8416-443-8 035 $a000594329 035 $aUSA01000594329 035 $a(ALEPH)000594329USA01 035 $a000594329 100 $a20140411d2014----km-y0itay50------ba 101 0 $aita$ager 102 $aIT 105 $aa---||||001yy 200 1 $aArchitettura gotica e filosofia scolastica$fErwin Panofsky$ga cura di Francesco Starace 210 $aMilano$cAbscondita$d2014 215 $a148 p.$cill.$d22 cm 225 2 $aAesthetica$v10 410 0$12001$aAesthetica$v10 454 0$12001$aGothic architecture and scholasticism$913765 606 0 $aArchitettura gotica$2BNCF 676 $a723.5 700 1$aPANOFSKY,$bErwin$010910 702 1$aSTARACE,$bFrancesco 801 0$aIT$bsalbc$gISBD 912 $a990005943290203316 951 $aXII.2.D. 1038$b244692$cXII.2.D.$d00354035 959 $aBK 969 $aUMA 979 $aPASSARO$b90$c20140411$lUSA01$h1046 979 $aPASSARO$b90$c20140411$lUSA01$h1048 979 $aPASSARO$b90$c20140411$lUSA01$h1052 979 $aPASSARO$b90$c20140411$lUSA01$h1052 979 $aPASSARO$b90$c20140411$lUSA01$h1053 996 $aGothic architecture and scholasticism$913765 997 $aUNISA LEADER 03230oam 2200769Mn 450 001 9910783648003321 005 20230421043257.0 010 $a1-134-93215-4 010 $a1-134-93216-2 010 $a1-280-33138-0 010 $a0-203-31745-9 010 $a0-203-03608-5 035 $a(CKB)1000000000248590 035 $a(EBL)169523 035 $a(OCoLC)191031517 035 $a(SSID)ssj0000123237 035 $a(PQKBManifestationID)11135843 035 $a(PQKBTitleCode)TC0000123237 035 $a(PQKBWorkID)10010533 035 $a(PQKB)10685582 035 $a(SSID)ssj0000277961 035 $a(PQKBManifestationID)11205345 035 $a(PQKBTitleCode)TC0000277961 035 $a(PQKBWorkID)10241475 035 $a(PQKB)10885649 035 $a(SSID)ssj0001143442 035 $a(PQKBManifestationID)12513051 035 $a(PQKBTitleCode)TC0001143442 035 $a(PQKBWorkID)11106533 035 $a(PQKB)11146509 035 $a(MiAaPQ)EBC169523 035 $a(Au-PeEL)EBL169523 035 $a(CaPaEBR)ebr10058404 035 $a(CaONFJC)MIL33138 035 $a(OCoLC)821815430 035 $a(OCoLC-P)821815430 035 $a(FlBoTFG)9780203036082 035 $a(EXLCZ)991000000000248590 100 $a20071003j199403uu uy 0 101 0 $aeng 135 $aur|n||||||||| 181 $ctxt 182 $cc 183 $acr 200 10$aCleopatras /$fWhitehorne 210 $aNew York $cRoutledge$dMarch 1994$aLos Angeles $cSony Electronics [distributor] 215 $a1 online resource (264 p.) 300 $aDescription based upon print version of record. 311 $a0-415-26132-5 311 $a0-415-05806-6 320 $aIncludes bibliographical references (p. 227-232) and index. 327 $aBook Cover; Title; Contents; List of illustrations; Preface; Acknowledgements; FROM MYTH TO LEGEND The Earliest Cleopatras; CLEOPATRA, PERDICCAS II, AND ARCHELAUS; PHILIP II'S LAST WIFE; A DOUBLE MYSTERY; ALEXANDER'S SISTER; FROM AEGAE TO ALEXANDRIA; THE SELEUCID CONNECTION (1) Cleopatra I; CLEOPATRA II AND PTOLEMY VI; CLEOPATRA II AND PTOLEMY VIII; CLEOPATRA II, CLEOPATRA III, AND PTOLEMY VIII; CLEOPATRA III AND HER CHILDREN; THE SELEUCID CONNECTION (2) Cleopatra Thea and her Husbands; THE SELEUCID CONNECTION (3) Cleopatra Selene and the Last of the Seleucids 327 $aTHE TWILIGHT OF THE PTOLEMIES Cleopatra Berenice III, Cleopatra V TryphaenaCLEOPATRA VII'S SUICIDE; THE END OF THE LINE Cleopatra Selene of Mauretania; APPENDIX 1: WHO'S WHO AMONG THE PTOLEMIES; APPENDIX 2: GENEALOGICAL TABLES; Notes; Select bibliography; Index 330 8 $aAnnotation$bTraces the turbulent lives of the famous Cleopatra's historically important namesakes, and considers the growing political significance of royal women in the last three centuries B.C. 606 $aQueens$zMiddle East$vBiography 606 $aQueens$zMacedonia$vBiography 607 $aMiddle East$xHistory$yTo 622 607 $aMacedonia$xHistory$yTo 168 B.C 615 0$aQueens 615 0$aQueens 676 $a939/.4 801 0$bOCoLC-P 801 1$bOCoLC-P 906 $aBOOK 912 $a9910783648003321 996 $aCleopatras$93676271 997 $aUNINA